Abrete Sesamo / Saro de la Iglesia, Asesor Pedagógico : Juan Delval (Registro nro. 47464)
[ vista simple ]
| 000 -LÍDER | |
|---|---|
| Campo fijo de descripción fija | 007220000a22001930004500 |
| 001 - NÚMERO DE CONTROL | |
| Campo de control | 207 |
| 003 - IDENTIFICADOR DEL NÚMERO DE CONTROL | |
| Campo de control | CO-MdFUSB |
| 005 - FECHA Y HORA DE LA ULTIMA TRANSACCIÓN | |
| control field | 20180207154610.0 |
| 008 - ELEMENTOS DE LONGITUD FIJA -- INFORMACIÓN GENERAL | |
| Campo fijo de descripción fija -- Información general | 180207b xxu||||| |||| 00| 0 eng d |
| 020 ## - NÚMERO INTERNACIONAL NORMALIZADO PARA LIBROS | |
| Número Internacional Normalizado del libro | 958-602-107-6 |
| 040 ## - FUENTE DE CATALOGACIÓN | |
| Agencia que realiza la transcripción | CO-MdBIC |
| 082 04 - NÚMERO DE CLASIFICACIÓN DECIMAL DEWEY | |
| Número de clasificación | 036 Ig4a |
| 100 1# - ASIENTO PRINCIPAL--NOMBRE PERSONAL | |
| Nombre personal | Iglesia, Saro de la |
| 245 10 - TÍTULO | |
| Título del Material | Abrete Sesamo / Saro de la Iglesia, Asesor Pedagógico : Juan Delval |
| 260 ## - PUBLICACIÓN, DISTRIBUCIÓN, ETC. (PIE DE IMPRENTA) | |
| Lugar de publicación, distribución, etc. | Bogotá : Printer Colombiana Ltda |
| 300 ## - DESCRIPCIÓN FÍSICA | |
| Extensión | [\52 P. ] |
| 505 00 - NOTA DE CONTENIDO | |
| Nota de contenido con formato preestablecido | Volumen 1 : Libro de la A Volumen 2 : Libro de la B.C Volumen 3 : Libro de la E.F Volumen 4 : Libro de la G.H. Volumen 5 : Libro de la M Volumen 6 : Libro de la N.Ñ.O.P Volumen 7 : Libro de la R.S Volumen 8 : Libro de la T.U.V.X.Y.Z |
| 942 ## - TIPO DE MATERIAL (KOHA) | |
| Tipo de Item KOHA | Z- Libro General BINCO |
| Estado de Material | Estado de Perdido | Forma de Clasificación | Volumen-Parte/Tomo | Estado de Dañado | No para Préstamo | Tomo | Biblioteca de Origen | Biblioteca Permanente | Fecha de Adquisición | Total de Préstamos | Signatura Topográfica | Código de Barras | Última vez visto | Ejemplar/Existencia | Fecha de Remplazo | Tipo de Material | Última vez Préstado |
|---|---|---|---|---|---|---|---|---|---|---|---|---|---|---|---|---|---|
| Dewey Decimal Classification | 8 | Biblioteca Infantil Comunitaria BINCO | Biblioteca Infantil Comunitaria BINCO | 23/05/2006 | 036 Ig4a8 | B30783 | 24/11/2016 | 1 | 26/01/2016 | Z- Libro General BINCO | |||||||
| Dewey Decimal Classification | 1 | Biblioteca Infantil Comunitaria BINCO | Biblioteca Infantil Comunitaria BINCO | 23/05/2006 | 036 Ig4a1 | B30790 | 24/11/2016 | 1 | 26/01/2016 | Z- Libro General BINCO | |||||||
| Dewey Decimal Classification | 2 | Biblioteca Infantil Comunitaria BINCO | Biblioteca Infantil Comunitaria BINCO | 23/05/2006 | 1 | 036 Ig4a2 | B30789 | 19/03/2024 | 1 | 26/01/2016 | Z- Libro General BINCO | 28/08/2023 | |||||
| Dewey Decimal Classification | 3 | Biblioteca Infantil Comunitaria BINCO | Biblioteca Infantil Comunitaria BINCO | 23/05/2006 | 036 Ig4a3 | B30788 | 24/11/2016 | 1 | 26/01/2016 | Z- Libro General BINCO | |||||||
| Dewey Decimal Classification | 4 | Biblioteca Infantil Comunitaria BINCO | Biblioteca Infantil Comunitaria BINCO | 23/05/2006 | 036 Ig4a4 | B30787 | 24/11/2016 | 1 | 26/01/2016 | Z- Libro General BINCO | |||||||
| Dewey Decimal Classification | 6 | Biblioteca Infantil Comunitaria BINCO | Biblioteca Infantil Comunitaria BINCO | 23/05/2006 | 036 Ig4a6 | B30786 | 24/11/2016 | 1 | 26/01/2016 | Z- Libro General BINCO | |||||||
| Dewey Decimal Classification | 5 | Biblioteca Infantil Comunitaria BINCO | Biblioteca Infantil Comunitaria BINCO | 23/05/2006 | 036 Ig4a5 | B30785 | 24/11/2016 | 1 | 26/01/2016 | Z- Libro General BINCO | |||||||
| Dewey Decimal Classification | 7 | Biblioteca Infantil Comunitaria BINCO | Biblioteca Infantil Comunitaria BINCO | 18/02/2006 | 036 Ig4a7 | B30784 | 24/11/2016 | 1 | 26/01/2016 | Z- Libro General BINCO |
